Diapositivas de banderas de países - Estadísticas

Estadísticas generales
  • Esta prueba ha sido intentada 986 veces
  • La puntuación promedio es 9 de 12
Estadísticas de respuestas
Respuesta % Correcto
India
98%
Andorra
90%
Honduras
90%
Laos
81%
Lesoto
76%
Kiribati
75%
República Centroafricana
75%
Tayikistán
73%
San Vicente y las Granadinas
70%
Eritrea
69%
Guinea Ecuatorial
68%
Ruanda
63%
No se encontraron pruebas coincidentes
Distribución de puntuación
Porcentaje de gente con cada puntuación
Porcentaje por número respondido
Historial de tus puntuaciones
No has intentado esta prueba.